| Поле | Инд. | ПП | Название | Значение |
|---|---|---|---|---|
| Тип записи | a | |||
| Библиографический уровень | m | |||
| 001 | Контрольный номер | 6c5ee288dc5b483c9a0caf79c80d7f10 | ||
| 005 | Дата корректировки | 20161118152102.5 | ||
| 008 | Кодируемые данные | 080728 | ||
| 020 | a | ISBN | 978-5-87444-258-3 | |
| c | Цена, тираж | 180.00 | ||
| 040 | a | Служба первич. каталог. | НБ ТвГУ | |
| 041 | a | Код языка текста | rus | |
| 080 | a | Индекс УДК | 330.341.1 | |
| a | Индекс УДК | 316.334.5 | ||
| 084 | a | Индекс другой классификации/Индекс ББК | У011.151 | |
| a | Индекс другой классификации/Индекс ББК | С522 | ||
| 090 | x | Авторский знак | П85 | |
| a | Полочн. индекс | У011.1 | ||
| 100 | 1_ | a | Автор | Прыкин Борис Владимирович |
| 245 | 10 | a | Заглавие | Игра эффектов |
| b | Продолж. заглавия | управление инновациями ради устойчивого самосохранения человека, общества, природы | ||
| c | Ответственность | Б. В. Прыкин | ||
| 260 | 0_ | a | Место издания | Москва |
| b | Издательство | Academia | ||
| c | Дата издания | 2007 | ||
| 300 | a | Объем | 339 с. | |
| b | Иллюстрации/ тип воспроизводства | ил. | ||
| 440 | a | Серия | Монографические исследования: экономика | |
| 504 | a | Библиография | Библиогр.: с. 332-336. | |
| 583 | a | Действие | Получение впервые 199 09.2008 | |
| k | Исполнитель действия | Дар РГГУ | ||
| 650 | a | Основная рубрика | Экономическая теория | |
| 650 | a | Основная рубрика | Инновации | |
| x | Основная подрубрика | Управление | ||
| 650 | a | Основная рубрика | Общество и окружающая среда | |
| x | Основная подрубрика | Социология | ||
| 653 | a | Ключевые слова | Экономическая теория | |
| a | Ключевые слова | Инновации | ||
| a | Ключевые слова | Управление инновациями | ||
| a | Ключевые слова | Общество и природа | ||
| a | Ключевые слова | Социальная экология | ||
| 700 | 1_ | a | Другие авторы | Петров Р. П. |
| e | Роль лиц | гл. ред. сер. | ||
| 852 | t | Порядковый номер экземпляра | 1 | |
| p | Инвентарный номер | 918104 | ||
| 852 | t | Порядковый номер экземпляра | 1 | |
| p | Инвентарный номер | 918105 | ||
| 863 | t | 00233950 | ||
| 863 | t | 00233951 | ||
| 888 | a | Бесплатные | ||
| 952 | p | 199.2008 180.00 1 918104 | ||
| p | 199.2008 180.00 1 918105 | |||
| c | Вид литературы | К рн | ||
| 954 | a | Дата поступления на обработку | 20081231 | |
| 999 | a | Подразделение 2 | ч.з. | |
| a | Подразделение 2 | аб. |